Organización hotelera /

Guardado en:
Autor Principal: Beavis, J. R. S.
Otros Autores: Medlik, S.
Formato: Libro
Publicado: Madrid : Paraninfo, 1978
Materias:
Etiquetas: Agregar Etiqueta
Sin Etiquetas, Sea el primero en etiquetar este registro!
LEADER 00816nam a22002055a 4500
001 CEM.cems013474
005 20110224110242.0
008 130507s1978##################000#0#####d
003 CEMS
020 |a 8428309612 
082 0 4 |a 658.04 
100 1 |a Beavis, J. R. S. 
245 1 0 |a Organización hotelera /  |c J. R. S. Beavis y S. Medlik 
260 |a Madrid :  |b Paraninfo,  |c 1978 
300 |a 355 p. 
505 0 |a Generalidades -- Auxiliares y registros básicos -- Reservas anticipadas -- Cuentas de los clientes -- Caja y bancos -- Facturación hotelera mecanizada -- Servicios varios a clientes -- Comunicaciones -- Control -- Informaciones y estadísticas 
653 |a Hoteles-organización 
653 |a Organización de empresas 
700 1 |a Medlik, S. 
859 |a CEMS  |b BIB. CEMS - 11 de abril  |h 658.04  |i B386  |p 26088.11  |t Ej.1